000 00523nam a22002177a 4500
003 UA-OsUOA
001 54355
007 ta
008 20080610b un ||||| |||| 00| 0 ukr d
100 _aГотліб А.
090 _a908
_bГ-12
942 _cSA
040 _aUA-OsUOA
_bukr
_cUA-OsUOA
_dUA-OsUOA
245 _aМісто вікової мудрості.../Про Острог
300 _aС.3
955 _a0
041 _aukr
080 _a908
773 0 _w54354
650 7 _a908 Краєзнавство
_2UDC
999 _c340519
_d340519